LEADER 02107oam 2200565 450 001 9910713704203321 005 20200818080352.0 035 $a(CKB)5470000002504647 035 $a(OCoLC)985367266 035 $a(OCoLC)995470000002504647 035 $a(EXLCZ)995470000002504647 100 $a20170503d1999 ua 0 101 0 $aeng 135 $aurbn||||||||| 181 $ctxt$2rdacontent 182 $cc$2rdamedia 183 $acr$2rdacarrier 200 10$aDepth-duration frequency of precipitation for Oklahoma /$fby Robert L. Tortorelli, Alan Rea, and William H. Asquith 210 1$a[Oklahoma City, Oklahoma?] :$cU.S. Department of the Interior, U.S. Geological Survey,$d[1999] 215 $a1 online resource (iv, 113 pages) $cillustrations, maps 225 1 $aWater-resources investigations report ;$v99-4232 300 $a"Prepared in cooperation with the Oklahoma Department of Transportation." 320 $aIncludes bibliographical references (pages 16). 517 2 $aDepth, duration frequency of precipitation for Oklahoma 606 $aDepth-area-duration (Hydrometeorology) 606 $aRainfall intensity duration frequencies$zOklahoma 606 $aRain and rainfall$zOklahoma 606 $aDepth-area-duration (Hydrometeorology)$2fast 606 $aRainfall intensity duration frequencies$2fast 607 $aOklahoma$2fast 615 0$aDepth-area-duration (Hydrometeorology) 615 0$aRainfall intensity duration frequencies 615 0$aRain and rainfall 615 7$aDepth-area-duration (Hydrometeorology) 615 7$aRainfall intensity duration frequencies. 700 $aTortorelli$b Robert L.$01388659 702 $aAsquith$b William H. 702 $aRea$b Alan 712 02$aGeological Survey (U.S.), 712 02$aOklahoma.$bDepartment of Transportation. 801 0$bCOP 801 1$bCOP 801 2$bOCLCO 801 2$bOCLCF 801 2$bOCLCA 801 2$bGPO 906 $aBOOK 912 $a9910713704203321 996 $aDepth-duration frequency of precipitation for Oklahoma$93523638 997 $aUNINA